ბათუმის შოთა რუსთაველის სახელმწიფო უნივერსიტეტის ბიბლიოთეკა

შრომები ხუთ ტომად : (ბიბ.ჩანაწერი № 60139)

000 -ლიდერი
ფიქსირებული სიგრძის საკონტროლო ველი 01285nam a22002057a 4500
003 - საკონტროლო ნომრის იდენტიფიკატორი
საკონტროლო ველი Ge_BSU
005 - ბოლო ოპერაციის თარიღი და დრო
საკონტროლო ველი 20230612160238.0
008 - ფიქსირებული სიგრძის მონაცემთა ელემენტები - ზოგადი ინფორმაცია
ფიქსირებული სიგრძის საკონტროლო ველი 230612s2016 ge ||||| |||| 00| 0 geo d
020 ## - წიგნის საერთაშორისო სტანდარტული ნომერი
International Standard Book Number 9789941938092
041 ## - ენის კოდი
Language code of text/sound track or separate title geo
080 ## - უნივერსალური ათობითი კლასიფიკაციის ინდექსი
Universal Decimal Classification number 902.2(479.22) ნ-86
100 ## - მთავარი ჩანაწერი - პიროვნების სახელი
Personal name ნიორაძე, გიორგი.
9 (RLIN) 18569
245 ## - ცნობა სათაურის შესახებ
Title შრომები ხუთ ტომად :
Remainder of title საქართველოს ძველი ქვის ხანის არქეოლოგიური ძეგლები. ტომი III /
Statement of responsibility, etc გიორგი ნიორაძე; რედაქტორი: ოთარ ჯაფარიძე; შემდგენელი, რედაქტორი: მედეა ნიორაძე: საქართველოს ეროვნული მუზეუმი.
264 ## - წარმოების, გამოცემის, დისტრიბუციის და სხვა ცნობები
გამოცემის, წარმოების, დისტრიბუციის... ადგილი თბილისი :
გამოცემის, წარმოების, დისტრიბუციის... სახელწოდება [გ.გ.] ,
გამოცემის, წარმოების, დისტრიბუციის... თარიღი 2016.
300 ## - ფიზიკური აღწერა
Extent 368 გვ.:
Other physical details სურ.;
Dimensions 25 სმ.
700 ## - ADDED ENTRY--PERSONAL NAME
Personal name ჯაფარიძე, ოთარ
Relator term რედაქტორი
9 (RLIN) 18644
700 ## - ADDED ENTRY--PERSONAL NAME
Personal name ნიორაძე, მედეა
Relator term შემდგენელი, რედაქტორი
9 (RLIN) 18570
710 ## - ADDED ENTRY--CORPORATE NAME
Corporate name or jurisdiction name as entry element საქართველოს ეროვნული მუზეუმი
9 (RLIN) 18645
942 ## - ADDED ENTRY ELEMENTS (KOHA)
Source of classification or shelving scheme
Koha item type წიგნი
ეგზემპლარები
ჩამოწერის სტატუსი დაკარგული ეგზემპლარის სტატუსი კლასიფიკაციის წყარო ან თაროზე გაწყობის სქემა დაზიანების სტატუსი არ გაიცემა მუდმივი მდებარეობა (დაცვის ადგილი) ამჟამინდელი ადგილსამყოფელი თაროზე განთავსების ადგილი შეძენის თარიღი ღირებულება, შესყიდვის ნორმალური ფასი სრული შენახვის შიფრი შტრიხკოდი ბოლო ოპერაციის თარიღი ეგზემპლარის მიმდევრობითი ნომერი (კეტერი?) Uniform Resource Identifier ფასის ძალაში შესვლის თარიღი ეგზემპლარის სახეობა საჯარო შენიშვნა
          ბათუმის შოთა რუსთაველის სახელმწიფო უნივერსიტეტის მთავარი ბიბლიოთეკა ბათუმის შოთა რუსთაველის სახელმწიფო უნივერსიტეტის მთავარი ბიბლიოთეკა წიგნსაცავი 2023-06-12 8.00 902.2(479.22) ნ-86 64585 2023-06-12 64585 ბსუ-ს საპატიო დოქტორის გურამ ლორთქიფანიძის საჩუქარი 2023-06-12 წიგნი 8 ლ.